• 首页
  • 本馆介绍
  • 公告通知
  • 最新文献
  • 馆藏检索
  • 电子资源
  • 读者导购
  • 参考咨询
  • 我的图书馆
  • 登录
  • 详细信息显示
  • 放入我的书架
  • 预约/预借图书
  • 作者相关作品
  • 分类相关作品
  • 丛书相关作品
  • 出版社相关作品

书目信息

  • 表格格式
  • 工作单格式
  • 卡片格式
题名:
诺贝尔奖的启示
    
 
作者: 吕淑琴、陈洪、李雨民
分册:  
出版信息: 北京   科学出版社  2010
页数: 295
开本: 23cm
丛书名:
单 册:
中图分类: G31
科图分类:
主题词: 科学研究--工作
电子资源:
ISBN: 7-03-027954-5
000 00584nam0 2200181 450
001 1735846483
005 20170410095726.48
010    @a7-03-027954-5
100    @a20170410d km y0chiy0120 ea
101 0  @achi
200 1  @a诺贝尔奖的启示@Anuo bei er jiang de qi shi@f吕淑琴、陈洪、李雨民@Flu shu qin、chen hong、li yu min
210    @a北京@c科学出版社@d2010
215    @a295@d23cm
606 0  @a科学研究@x工作
690    @aG31@v4
701  0 @a吕淑琴、陈洪、李雨民@Alu shu qin、chen hong、li yu min
801  0 @aCN@b大连网信软件有限公司图书馆·11@c20170410
905    @b6604243@dG31@en2@f1
    
    诺贝尔奖的启示/吕淑琴、陈洪、李雨民.-北京:科学出版社,2010
    295;23cm
    
    
    ISBN 7-03-027954-5:
    
●
相关链接 在E读中查询图书 在五车中查询图书 在当当中查询图书 在豆瓣中查询图书


正题名:诺贝尔奖的启示     索取号:G31/n2         预约/预借

序号 登录号 条形码 馆藏地/架位号 状态 备注
1 6604243   266042436   密集书库-生命科学系/ [索取号:G31/n2] 在馆    
唐山师范学院图书馆 欢迎您!
大连网信软件有限公司© 版权所有